| 000 | 00967nam a22002177a 4500 | ||
|---|---|---|---|
| 005 | 20170403103202.0 | ||
| 008 | 170403b mx ||||| |||| 00| 0 spad | ||
| 020 | _a9786074170177 | ||
| 050 | 0 | 4 |
_aHF3238.M4 _bM46 2009 |
| 245 | 0 | 0 |
_aMemorias e historias compartidas : _bIntercambios culturales, relaciones comerciales y diplomáticas entre México y los países bajos, siglos XVI-XX / _cLaura Pérez Rosales, Arjen van der Sluis, coordinadores |
| 250 | _a1a ed. | ||
| 260 |
_aMéxico : _bUniversidad Iberoamericana, _c2009. |
||
| 300 |
_a360 p. : _bilustraciones, _c23 cm. |
||
| 650 | 7 |
_2lemb _aRelaciones culturales |
|
| 651 | 7 |
_2lemb _aPaíses Bajos _xComercio _zMéxico _xHistoria |
|
| 651 | 7 |
_2lemb _aMéxico _xRelaciones exteriores _zPaíses Bajos _xHistoria |
|
| 651 | 7 |
_2lemb _aPaíses Bajos _xRelaciones exteriores _zMéxico _xHistoria |
|
| 700 | 1 |
_aPérez Rosales, Laura _eCoordinador |
|
| 700 | 1 |
_aSluis, Arjen van der _eCoordinador |
|
| 942 |
_2lcc _cLIB |
||
| 999 |
_c132010 _d132010 |
||